000 00296nam a2200121Ia 4500
008 190216s9999||||xx |||||||||||||| ||und||
100 _aScaria P P
245 0 _aStoola Sambatika Sastram(Macro Economics)
260 _bVrindavan Pub
_c1992
300 _a215 pag
650 _aEconomics
942 _cBK
999 _c9865
_d9865